000 01250nam a22002897a 4500
005 20240305165511.0
007 cr|||| ||||
008 180720s2017 co |||||s|||| 00||0 spa d
020 _a978-958-56087-2-6
035 _a21929
040 _avLex
090 _c8077
_d8077
100 1 _aPolo García, Benjamín Enrique
245 1 0 _aManual de Presupuestos
_h[Recurso electrónico] :
_bTeórico y Práctico /
_cBenjamín Enrique Polo García
256 _aServicio en línea
260 _aBogotá:
_bGrupo Editorial Nueva Legislación,
_c2017
300 _a1 recurso electrónico
506 1 _aDisponible solo en los productos indicados
_dvLex Global
_dvLex Global (Academic Edition, excluding Law Schools)
_dvLex Global (U.S. Academic Edition, Law Schools)
_dvLex Global (U.S. Academic Edition, excluding Law Schools)
_dvLex Global (Academic Edition, Law Schools)
650 0 4 _aDerecho Mercantil y de la Empresa
_zColombia
650 0 4 _aContabilidad
_zColombia
650 0 4 _aFinanciero
_zColombia
650 0 4 _aEconomía y negocios
_zColombia
650 0 4 _aContabilidad
_zColombia
740 0 _avLex Libros (Servicio en línea)
856 4 0 _uhttps://app.vlex.com/#/sources/manual-de-presupuestos-teorico-y-practico-21929
942 _cRAA
999 _c166314
_d166314